000 00721nam a22002177a 4500
999 _c3393
_d3393
003 AR-CdUCM
008 190306b ||||| |||| 00| 0 spa d
040 _aMUNICIPALIDAD PROVINCIAL DEL CUSCO
_cBIBLIOTECA MUNICIPAL DEL CUSCO
082 _a498 /
_bSA161
100 _aSalas Sanchez, Juan de la Cruz
_911208
245 _aYachana :
_bGramatica quechua /
260 _aQosqo :
_bImprenta veloz,
_c1963.
300 _a72 paginas ;
_c21 cm.
500 _aDedicatoria
505 _aGrafías -- Adjetivos calificativos -- Pronombres posesivos -- Adverbio -- Conjugación
650 _aGramatica quechua
_911209
650 _aAdvervios y adjetivos
_911210
650 _aLengua
_92065
942 _2ddc
_cLIBROS
945 _awnts